00454nam a2200157Ia 45000010006000000050017000060080041000230410008000640820015000721000029000872450127001162600009002433000028002526500008002806540008002881763420260306171531.0260306s9999||||xx |||||||||||||| ||und|| aESP a658.1bS79 aStettinius, WallaceeAUT 0aPlan de negocio:bcómo diseñarlo e implementarlo. Todos los pasos desde el diseño a la puesta en marcha y revisión c2009 a155 páginas :c23 cm. aGEN aCAN